Best practice in urban extensions and new settlements (Record no. 106576)

MARC details
000 -LEADER
fixed length control field 01567cam a2200229 4500
001 - CONTROL NUMBER
control field L136997
008 - FIXED-LENGTH DATA ELEMENTS--GENERAL INFORMATION
fixed length control field 070308s2007 xxk f 000 0 eng d
035 ## - SYSTEM CONTROL NUMBER
System control number (Sirsi) u136997
041 0# - LANGUAGE CODE
Language code of text/sound track or separate title eng
050 04 - LIBRARY OF CONGRESS CALL NUMBER
Classification number 711.552/218
110 2# - MAIN ENTRY--CORPORATE NAME
Corporate name or jurisdiction name as entry element Town and Country Planning Association
9 (RLIN) 3022
245 00 - TITLE STATEMENT
Title Best practice in urban extensions and new settlements
Medium [electronic resource]
260 ## - PUBLICATION, DISTRIBUTION, ETC.
Date of publication, distribution, etc. 2007
505 2# - FORMATTED CONTENTS NOTE
Formatted contents note Literature review and historical context -- New settlement case study: Dickens Heath, Solihull -- Urban extension case study: Upton, Northampton -- Urban extension case study: Newcastle Great Park -- Urban extension case study: Hampton, Peterborough -- New settlement case study: South Woodham Ferrers, Essex -- Urban extension case study: Caterham barracks, Surrey -- The case for linked new settlements.
520 ## - SUMMARY, ETC.
Summary, etc. Seeks to establish good practice in developing new settlements and urban extensions by drawing lessons from some recently developed examples. The case studies featured here are all very different in composition and size, but they have all been successfully brought forward through the planning system and have used innovative approaches to providing good-quality development on the ground.
590 ## - LOCAL NOTE (RLIN)
Local note KA NTK
651 #4 - SUBJECT ADDED ENTRY--GEOGRAPHIC NAME
Geographic name England and Wales
Chronological subdivision 1543-
690 ## - LOCAL SUBJECT ADDED ENTRY--TOPICAL TERM (OCLC, RLIN)
Topical term or geographic name as entry element PROPERTY-RESIDENTIAL PROPERTY-RESIDENTIAL PROPERTY DEVELOPMENT
690 ## - LOCAL SUBJECT ADDED ENTRY--TOPICAL TERM (OCLC, RLIN)
Topical term or geographic name as entry element ENVIRONMENTAL AND LAND CONSULTANCY-PLANNING AND DEVELOPMENT
856 48 - ELECTRONIC LOCATION AND ACCESS
Uniform Resource Identifier <a href="https://www.tcpa.org.uk/data/files/nsue.pdf">https://www.tcpa.org.uk/data/files/nsue.pdf</a>
Public note View the report free of charge online at www.tcpa.org.uk
942 ## - ADDED ENTRY ELEMENTS (KOHA)
Suppress in OPAC 0
Holdings
Withdrawn status Lost status Source of classification or shelving scheme Damaged status Not for loan Home library Current library Shelving location Date acquired Total Checkouts Full call number Barcode Date last seen Copy number Price effective from Koha item type
    Dewey Decimal Classification     Virtual Virtual Online 08/03/2007   ONLINE PUBLICATION 136997-1001 06/08/2019 1 06/08/2019 Book